Normal view
MARC view
Entry Personal Name
001 - CONTROL NUMBER
- control field: 1856
003 - CONTROL NUMBER IDENTIFIER
- control field: TR-AnCHP
005 - DATE AND TIME OF LATEST TRANSACTION
- control field: 20190110165455.0
008 - FIXED-LENGTH DATA ELEMENTS
- fixed length control field: 1901101016n|cannaabn |n|d ||
040 ## - CATALOGING SOURCE
- Original cataloging agency: TR-AnCHP
100 10 - HEADING--PERSONAL NAME
- Personal name: Yeldan, Erinç
670 ## - SOURCE DATA FOUND
- Source citation: Yeldan, Erinç.
- Information found: Orta gelir tuzağından çıkış : Hangi Türkiye ?Erinç Yeldan, ...[ve öte.]
